000 00779nam a22002657a 4500
003 CHAP
005 20220329140901.0
008 971013s1979 r 00010 d
010 _a59239
011 _a60211
035 _a64371
040 _cCHAP
082 _a636.089
_bP7 1979
245 _aProntuario de especialidades veterinarias
250 _a5 ed.
260 _aMéxico :
_bCentro Profesional de Publicaciones,
_c1979
300 _a392 p.
590 _aBATCH-UPD
_b10
_c20130110
_lUCH01
_h0309
590 _aCONVERSION
_b10
_c20130109
_lUCH01
_h1332
650 1 4 _aVeterinaria
_xLaboratorios.
_9119000
650 1 4 _aVeterinaria
_xMedicamentos.
_9119002
901 _aBK
942 _cLIBRO
949 _a636.089 P7 1979
_bBC
_cC
_d33724000618245
_eC
_h1584
_i64371
_si
_t250.00
999 _c59239
_d59239